Statistiques concernant Pays d'origine des immigrés français

Cliquez ici pour prendre le quiz!

Statistiques générales

  • Ce quiz a été pris 49 748 fois
    (49 403 depuis la dernière actualisation)
  • Le résultat moyen est 11 sur 15

Statistiques - réponses

NombrePays% Correct
870 500Algérie
99%
818 900Maroc
99%
310 200Tunisie
93%
238 600Espagne
87%
282 400Italie
84%
587 300Portugal
80%
104 600Allemagne
76%
119 900Sénégal
74%
124 100Belgique
72%
142 200Royaume-Uni
71%
106 500Chine
65%
245 800Turquie
62%
117 100Côte d'Ivoire
47%
135 300 Roumanie
36%
137 000Comores
16%

Distribution des résultats

Percentile par nombre de réponses

% des personnes avec chaque résultat

Votre développement - résultats

Vous n’avez pas pris ce quiz depuis la dernière actualisation